Asamar arthaniti (Major 6)/ (Record no. 12183)

MARC details
000 -LEADER
fixed length control field 00574nam a22002057a 4500
005 - DATE AND TIME OF LATEST TRANSACTION
control field 20250515051143.0
008 - FIXED-LENGTH DATA ELEMENTS--GENERAL INFORMATION
fixed length control field 250515b |||||||| |||| 00| 0 eng d
020 ## - INTERNATIONAL STANDARD BOOK NUMBER
International Standard Book Number 9789391883911
040 ## - CATALOGING SOURCE
Original cataloging agency IN-DiNC
Transcribing agency IN-DiNC
041 ## - LANGUAGE CODE
Language code of sung or spoken text Assamese
082 ## - DEWEY DECIMAL CLASSIFICATION NUMBER
Classification number 330.954162
Item number SAI
100 ## - MAIN ENTRY--PERSONAL NAME
Personal name Saikia, Mainumoni
Relator term Author
245 ## - TITLE STATEMENT
Title Asamar arthaniti (Major 6)/
Statement of responsibility, etc. by Mainumoni Saikia and Reema Rabha
250 ## - EDITION STATEMENT
Edition statement 1st ed.
260 ## - PUBLICATION, DISTRIBUTION, ETC.
Place of publication, distribution, etc. Jorhat:
Name of publisher, distributor, etc. Unika prakashan,
Date of publication, distribution, etc. 2025.
300 ## - PHYSICAL DESCRIPTION
Extent 328p.
650 ## - SUBJECT ADDED ENTRY--TOPICAL TERM
Topical term or geographic name entry element Economy of Assam (Major 6)
700 ## - ADDED ENTRY--PERSONAL NAME
Personal name Rabha, Reema
Relator term Author
942 ## - ADDED ENTRY ELEMENTS (KOHA)
Source of classification or shelving scheme Dewey Decimal Classification
Koha item type Books
Holdings
Withdrawn status Lost status Source of classification or shelving scheme Damaged status Not for loan Collection code Home library Current library Shelving location Date acquired Cost, normal purchase price Total Checkouts Full call number Barcode Date last seen Date last checked out Copy number Price effective from Koha item type Date due
    Dewey Decimal Classification     Economics Central Library, Naharkatiya College Central Library, Naharkatiya College General Stacks 15/05/2025 350.00 3 330.954162 SAI 30770 10/02/2026 28/01/2026 1 15/05/2025 Books  
    Dewey Decimal Classification     Economics Central Library, Naharkatiya College Central Library, Naharkatiya College General Stacks 15/05/2025 350.00 4 330.954162 SAI 30771 23/03/2026 23/03/2026 2 15/05/2025 Books 10/04/2026
    Dewey Decimal Classification     Economics Central Library, Naharkatiya College Central Library, Naharkatiya College General Stacks 15/05/2025 350.00 6 330.954162 SAI 30772 24/03/2026 24/03/2026 3 15/05/2025 Books 11/04/2026

Naharkatiya College © 2020. All rights reserved.

Powered By